00582nam a22001937a 4500003000900000005001700009007000800026008003500034020001500069040002200084082002100106100002000127245007600147260003100223300002600254490003800280700003200318830003800350DO-SdBNP20180209103355.00011743161108b 1993 sp a|| 00| 0 spa d a9580422168 aBPMSUbspacBPMSU 4axxxxxxxbxxxxxxx1 aViza, Monserrat1 aViajo en avión /cMonserrat Viza ; ilustraciones José Ma. Lavarello aBarcelona :bNorma,c1993. a30 p. :bil.,c22 cm.1 aPrimera biblioteca de los niños1 aLavarello, José Ma.,eil. 0aPrimera biblioteca de los niños